The Council Tax (Valuation Bands) (Wales) Order 2003 (Record no. 103327)

MARC details
000 -LEADER
fixed length control field 00823cam a2200217 4500
001 - CONTROL NUMBER
control field L124980
008 - FIXED-LENGTH DATA ELEMENTS--GENERAL INFORMATION
fixed length control field 111205n2003 000 0 eng u
020 ## - INTERNATIONAL STANDARD BOOK NUMBER
International Standard Book Number 0110908198
035 ## - SYSTEM CONTROL NUMBER
System control number (Sirsi) u124980
041 ## - LANGUAGE CODE
Language code of text/sound track or separate title eng
245 #4 - TITLE STATEMENT
Title The Council Tax (Valuation Bands) (Wales) Order 2003
260 ## - PUBLICATION, DISTRIBUTION, ETC.
Place of publication, distribution, etc. London
Name of publisher, distributor, etc. HMSO
Date of publication, distribution, etc. 2003
490 ## - SERIES STATEMENT
Series statement SI
Volume/sequential designation 2003: 3046
520 ## - SUMMARY, ETC.
Summary, etc. Came into force 30 November 2003. Sets out Council Tax valuation bands for Wales for financial years beginning on or after 1 April 2005. View at www.legislation.hmso.gov.uk/si.
650 ## - SUBJECT ADDED ENTRY--TOPICAL TERM
Topical term or geographic name entry element COUNCIL TAX
650 ## - SUBJECT ADDED ENTRY--TOPICAL TERM
Topical term or geographic name entry element VALUATION BANDS
650 ## - SUBJECT ADDED ENTRY--TOPICAL TERM
Topical term or geographic name entry element WALES
690 ## - LOCAL SUBJECT ADDED ENTRY--TOPICAL TERM (OCLC, RLIN)
Topical term or geographic name as entry element RATING AND LOCAL TAXATION
856 ## - ELECTRONIC LOCATION AND ACCESS
Uniform Resource Identifier <a href="https://www.legislation.gov.uk/legislation/wales/wsi2003/20033046e.htm">https://www.legislation.gov.uk/legislation/wales/wsi2003/20033046e.htm</a>
Public note View the Order free of charge at www.legislation.gov.uk
942 ## - ADDED ENTRY ELEMENTS (KOHA)
Suppress in OPAC 0
Holdings
Withdrawn status Lost status Source of classification or shelving scheme Damaged status Not for loan Home library Current library Shelving location Date acquired Total Checkouts Full call number Barcode Date last seen Copy number Price effective from Koha item type
    Dewey Decimal Classification     Virtual Virtual Online 02/02/2004   ONLINE PUBLICATION 124980-2001 06/08/2019 1 06/08/2019 Book